000
00279nam a22001217a 4500
008
181029b xxu||||| |||| 00| 0 eng d
041
_a
eng
080
_a
910
100
_a
42
101
_a
GJEO
245
_a
National Geographic Atlas of the Ocean
_c
Earle, S.A
942
_2
udc
_c
BK
999
_c
51023
_d
51023